Challenge Typing #12: Typing 10 10-letter words in a minute - Statistics

General Stats
  • This quiz has been taken 22 times
  • The average score is 10 of 10
Answer Stats
Hint Answer % Correct
babesiasis babesiasis
100%
daffodilly daffodilly
100%
fabricates fabricates
100%
gadgetries gadgetries
100%
iarovising iarovising
100%
jackanapes jackanapes
100%
macaronics macaronics
100%
rabbinitic rabbinitic
94%
tablecloth tablecloth
94%
vaccinated vaccinated
89%
No matching quizzes found
Score Distribution
Percent of People with Each Score
Percentile by Number Answered
Your Score History
You have not taken this quiz